University Home | Library Home | Institutional Repository

The first decade : (Record no. 193133)

MARC details
000 -LEADER
fixed length control field 00610cam1a220019300 4500
001 - CONTROL NUMBER
control field lce02386246
005 - DATE AND TIME OF LATEST TRANSACTION
control field 20190830113400.0
008 - FIXED-LENGTH DATA ELEMENTS--GENERAL INFORMATION
fixed length control field 790512s1977 ii eng
010 ## - LIBRARY OF CONGRESS CONTROL NUMBER
LC control number 79109567
035 ## - SYSTEM CONTROL NUMBER
System control number (Sirsi) r71113
035 ## - SYSTEM CONTROL NUMBER
System control number (DLC) 79109567
035 ## - SYSTEM CONTROL NUMBER
System control number (UPRA)lce02386246
040 ## - CATALOGING SOURCE
Original cataloging agency DLC
Transcribing agency DLC
Modifying agency DLC
050 00 - LIBRARY OF CONGRESS CALL NUMBER
Classification number MLCM 83/4662 (D)
245 04 - TITLE STATEMENT
Title The first decade :
Remainder of title the Jawaharlal Nehru award for international understanding.
260 ## - PUBLICATION, DISTRIBUTION, ETC.
Place of publication, distribution, etc. New Delhi :
Name of publisher, distributor, etc. Indian Council for Cultural Relations,
Date of publication, distribution, etc. c1977.
949 ## - LOCAL PROCESSING INFORMATION (OCLC)
a MLCM 83/4662 (D)
w lcc
i -96231
m MAIN
t BOOK
l ON-SHELF

No items available.

© 2026 - The University of Zambia Library - Koha v25.11